Estadísticas para Plantillas del top 4 del Mundial 1962

Haz click aquí para intentar la prueba.

Estadísticas generales

  • Esta prueba ha sido intentada 8 veces
  • La puntuación promedio es 5 de 92

Estadísticas de respuestas

Pos.JugadorEquipo% Correcto
DELPeleSantos
100%
DELGarrinchaBotafogo
75%
DELJairPortuguesa
50%
DELLeonel SanchezU.Chile
50%
DEFRaul SanchezS.Wanderers
50%
DELMario ZagalloBotafogo
25%
DELVavaPalmeiras
25%
DELAmarildoBotafogo
13%
DEFDjalma SantosPalmeiras
13%
MEDEladio RojasEverton
13%
DEFJair MarinhoFluminense
13%
DEFManuel RodriguezUnion Española
13%
DEFNilton SantosBotafogo
13%
PORAdan GodoySantiago Morning
0%
DELAdolf SchererInter Bratislava
0%
DELAlberto FouillouxU.Catolica
0%
MEDAleksandar IvosSloboda Tuzla
0%
DEFAltairFluminense
0%
DELAndrej KvasnakSparta Praga
0%
DELAndrija AnkovicHajduk Split
0%
DELArmando TobarU.Catolica
0%
DTAymore MoreiraBrasil
0%
DELBraulio MussoU.Chile
0%
DELCarlos CamposU.Chile
0%
DEFCarlos ContrerasU.Chile
0%
PORCastilhoFluminense
0%
DELCoutinhoSantos
0%
MEDDidiBotafogo
0%
MEDDragoslav SekularacEstrella Roja
0%
DELDrazan JerkovicDinamo Zagreb
0%
DEFFahrudin JusufiFK Partizan
0%
DTFernando RieraChile
0%
PORFrantisek SchmuckerRH Brno
0%
PORGilmarSantos
0%
DEFHilderaldo BelliniSao Paulo
0%
DELHonorino LandaUnion Española
0%
DEFHugo LepeSantiago Morning
0%
DEFHumberto CruzSantiago Morning
0%
DELJaime RamirezU.Chile
0%
DEFJan LalaSlavia Praga
0%
DEFJan PopluharSlovan Bratislava
0%
DELJaroslav BorovickaDukla Praga
0%
DEFJiri TichyInter Bratislava
0%
MEDJorge ToroColo-Colo
0%
DELJosef JelinekDukla Praga
0%
DELJosef KadrabaSOND Kladno
0%
MEDJosef MasopustDukla Praga
0%
DELJosip SkoblarOFK Beogard
0%
DELJozef AdamecDukla Praga
0%
DEFJozef BombaTratan Presov
0%
MEDJozef StibranyiSpartak Trnava
0%
DEFJurandirSao Paulo
0%
DEF (c)Ladislav NovakDukla Praga
0%
DTLjubomir LovricYugoslavia
0%
DEFLuis EyzaguirreU.Chile
0%
PORManuel AstorgaU.Chile
0%
DELMario MorenoColo-Colo
0%
MEDMario OrtizColo-Colo
0%
DEF (c)Mauro RamosSantos
0%
MEDMengalvioSantos
0%
MED (c)Milan GalicPartizan
0%
PORMilutin SoskicFK Partizan
0%
PORMirko StojanovicDinamo Zagreb
0%
PORMisael EscutiColo-Colo
0%
DELMuhamed MujicVelez Mostard
0%
DELNikola StipicEstrella Roja
0%
PORPavel KoubaDukla Praga
0%
DELPavol MolnarSlovan Bratislava
0%
DELPepeSantos
0%
MEDPetar RadakovicRijeka
0%
DTRudolf VytlacilChecoslovaquia
0%
DEFSegio ValdesU.Catolica
0%
DEF (c)Sergio NavarroU.Chile
0%
DEFSlavko SvinjarevicVojvodina
0%
PORSrboljub KrivokucaOFK Beogard
0%
DEFSvatopluk PluskalDukla Praga
0%
DEFTitus BubernikInter Bratislava
0%
DELTomas PospichalBanik Ostrava
0%
DELVaclav MasekSparta Praga
0%
DEFVasilije SijakovicOFK Beogard
0%
PORViliam SchrojfSlovan Bratislava
0%
MEDVladica KovacevicPartizan
0%
DEFVladica PopovicEstrella Roja
0%
DEFVladimir DurkovicEstrella Roja
0%
DELVladimir KosBohemians Praga
0%
DEFVlatko MarkovicDinamo Zagreb
0%
MEDVojislav MelicEstrella Roja
0%
MEDZaljko MatusDinamo Zagreb
0%
DEFZarko NikolicVojvodina
0%
MEDZequinhaPalmeiras
0%
MEDZitoSantos
0%
DEFZozimoBangu
0%

Distribución de puntuación

Porcentaje por número respondido

Porcentaje de gente con cada puntuación

Historial de tus puntuaciones

No has intentado esta prueba.